| 000 | 01459nam0a2200313 4500 | ||
|---|---|---|---|
| 001 | RU\NLR\bibl\1454855 | ||
| 005 | 20250615232912.0 | ||
| 010 |
_a978-5-98180-628-5 _91000 |
||
| 021 |
_aRU _b2009-87680 _95517 |
||
| 035 | _a(NLR Aleph) 001446663 | ||
| 090 |
_a1496932 _c1496932 |
||
| 100 | _a20091218d2008 |||y0rusy50 ca | ||
| 101 | 0 | _arus | |
| 102 | _aRU | ||
| 105 | _aa ||||||||| | ||
| 200 | 1 |
_aПриоритетный национальный проект "Здоровье": теория и практика реализации в РФ _fЕ.В. Фахрутдинова |
|
| 210 |
_aКазань _cКазанский государственный университет _d2008 |
||
| 215 |
_a103 с. _cил. _d22 |
||
| 225 | 1 |
_aПриоритетные национальные проекты _iЗдоровье |
|
| 320 | _aБиблиогр.: с. 93-103 и в подстроч. прим. | ||
| 601 | 1 | 0 |
_a"Здоровье", приоритетный национальный проект _cРоссийская Федерация _92544606 _3RU\NLR\auth\661506179 |
| 686 | _aР11(2) | ||
| 700 | 1 |
_aФахрутдинова _bЕ. В. _gЕлена Валерьевна _4070 |
|
| 801 | 0 |
_aRU _bNLR _c20091218 _gRCR |
|
| 801 | 1 |
_aRU _bNLR _c20091218 |
|
| 942 | _cBOOK | ||
| 980 | _aNB | ||